Lautaro y sus tres campañas contra Santiago, estudio biográfico según nuevos documentos
שמור ב:
| מחבר ראשי: | |
|---|---|
| פורמט: | ספר |
| שפה: | ספרדית |
| יצא לאור: |
Santiago
Imprenta de la Librería del Mercurio, calle de Morandé, Num. 38
1876
|
| מהדורה: | 1a. ed |
| נושאים: | |
| תגים: |
הוספת תג
אין תגיות, היה/י הראשונ/ה לתייג את הרשומה!
|
MARC
| LEADER | 00000nam a2200000 a 4500 | ||
|---|---|---|---|
| 001 | UCJ4666 | ||
| 003 | CL-VaPUC | ||
| 008 | 070124e18760000CL |||||||||||||||||spa|d | ||
| 082 | 0 | 4 | |a 983 |b VIC |2 21 |
| 100 | |a Vicuña Mackenna, Benjamín, |d 1831-1886 |x Político e historiador |z Chile |e author |9 374 | ||
| 245 | 1 | 0 | |a Lautaro y sus tres campañas contra Santiago, estudio biográfico según nuevos documentos |
| 250 | |a 1a. ed | ||
| 300 | |a 132 p | ||
| 942 | |c BK | ||
| 945 | |d 20070124 00:00:00 |a rinostro | ||
| 260 | |a Santiago |b Imprenta de la Librería del Mercurio, calle de Morandé, Num. 38 |c 1876 | ||
| 500 | |a No aparece consignada en Benelli; sí en Ricardo Donoso con el N§ 117 | ||
| 600 | 0 | 7 | |a LAUTARO |2 CL-VaPUC |9 443782 |
| 650 | 7 | |a BIOGRAFIA |2 CL-VaPUC |9 504622 | |
| 650 | 0 | |a Guerra de Arauco |9 267618 | |
| 650 | 0 | |a Historia de Chile |9 265473 | |
| 583 | |a last modification |c 20070124 00:00:00 |k Rodrigo Vera | ||
| 999 | |c 320782 |d 320780 | ||
| 952 | |0 0 |1 0 |4 0 |6 983_000000000000000_VIC_1876 |7 0 |8 X |9 399379 |a FDOBUD |b FDOBUD |d 2019-11-22 |i 1023020 |o 983 VIC 1876 |p 1023020 |r 2019-11-22 |w 2019-11-22 |y BK_X |k BUD | ||